00301nam a2200109 a 4500008004100000050001400041100001900055245004600074260004000120300002200160350000900182080109s1980 ||||||||||||||||| || u aQA 76 Fre aFrench, Carl S10aComputer Science: an instructional manual aWinchesterbD.P. Publicationsc1980 avii, 436p. : ill. a0.00